|
|
|
|
| LEADER |
00822nab a2200181 i 4500 |
| 001 |
misc11359 |
| 005 |
20191106142004.0 |
| 008 |
170607s1940 hu o 0|| hun d |
| 022 |
|
|
|a 0025-0260
|
| 040 |
|
|
|a SZTE Miscellanea Repozitórium
|b hun
|
| 041 |
|
|
|a hun
|
| 100 |
1 |
|
|a Kemény Ferenc
|
| 245 |
1 |
0 |
|a L'Organisation de l'Éducation préscolaire. Bureau International d'Éducations. Genève, 1939. 216 lap. A Bureau kiadványainak 68. száma
|h [elektronikus dokumentum] :
|b [könyvismertetés] /
|c Kemény Ferenc
|
| 260 |
|
|
|c 1940
|
| 300 |
|
|
|a 310-311
|
| 490 |
0 |
|
|a Magyar pedagógia : a Magyar Tudományos Akadémia Pedagógiai Bizottságának folyóirata
|v 49
|
| 695 |
|
|
|a Óvodai nevelés könyvismertetés, Iskoláskor előtti nevelés
|
| 856 |
4 |
0 |
|u http://misc.bibl.u-szeged.hu/11359/1/mp_1940_3956_310-311.pdf
|z Dokumentum-elérés
|